<?xml version='1.0' encoding='UTF-8'?>
  <record xmlns="http://www.loc.gov/MARC21/slim">
    <leader>00000nam a22000003i 4500</leader>
    <controlfield tag="001">ocn902267181</controlfield>
    <controlfield tag="003">OCoLC</controlfield>
    <controlfield tag="005">20250301015619.9</controlfield>
    <controlfield tag="008">150131s1936    sp            000 u spa d</controlfield>
    <datafield tag="040" ind1=" " ind2=" ">
      <subfield code="a">BEATB</subfield>
      <subfield code="b">dut</subfield>
      <subfield code="c">BEATB</subfield>
    </datafield>
    <datafield tag="035" ind1=" " ind2=" ">
      <subfield code="a">(OCoLC)902267181</subfield>
    </datafield>
    <datafield tag="245" ind1="0" ind2="0">
      <subfield code="a">Defensa de la cultura.</subfield>
    </datafield>
    <datafield tag="260" ind1=" " ind2=" ">
      <subfield code="a">Madrid :</subfield>
      <subfield code="b">Ediciones 5o Regimiento,</subfield>
      <subfield code="c">1936.</subfield>
    </datafield>
    <datafield tag="648" ind1=" " ind2="4">
      <subfield code="a">anno 1930-1939</subfield>
      <subfield code="0">(BE-AnANE)a::93.20.04:1</subfield>
    </datafield>
    <datafield tag="650" ind1=" " ind2="4">
      <subfield code="a">Geschiedenis van Spanje.</subfield>
      <subfield code="0">(BE-AnANE)a::946.0:1</subfield>
    </datafield>
    <datafield tag="936" ind1=" " ind2=" ">
      <subfield code="a">BATCHLOAD</subfield>
    </datafield>
  </record>